000
00237 a2200097 4500
001
14360
100
_a
Toynbee, A.J
245
_a
Hellensim, the history of a civilization
260
_a
London
_b
Oxford univ press
_c
090
_c
11259
_d
11259
942
_a
NUST-CAE
_c
M
_c
1402
999
_c
249433
_d
249433